000 01443cad a22002415a 4500
001 L145439
008 081009e20081008xxk f f000 0 eng d
035 _a(Sirsi) u145439
041 0 _aeng
050 0 4 _a306.1 $2 18
110 2 _aUnited Kingdom
_bDepartment for Communities and Local Government
_94939
245 0 0 _aCommunity Land Trusts
_ba consultation
_h[electronic resource]
260 _aLondon
_bDCLG
_c2008
505 2 _aRecognition for Community Land Trusts -- Regulation -- Access policies -- Finance -- Affordable in perpetuity -- Supporting the way forward -- Responding to this consultation -- Annexes: list of consultation questions; list of consultees; impact assessment; further reading
520 _aConsultation document for England looks at government policies for regulation of, financial support for and access to social rented and affordable housing provided with public subsidy. It asks for opinions on how these policies relate to Community Land Trusts and the development of a well run Community land Trusts sector.
520 _aResponses must be received by 31 December 2008.
521 _aAdvanced
590 _aKA NTK
651 4 _aEngland and Wales
_y1543-
690 _aPROPERTY-RESIDENTIAL PROPERTY-RESIDENTIAL LANDLORD AND TENANT-LEASES
856 4 0 _uhttps://www.communities.gov.uk/documents/housing/pdf/communitylandtrusts.pdf
_zView the item free of charge at www.communities.gov.uk
942 _n0
999 _c108795
_d108795